000 00580nam a2200181 u 4500
001 000034624
005 20200930073813.0
008 111010s2005 cl a 000 0 spa d
020 _a9583001864
040 _aDO-SdBNP
_bspa
_cBNPHU
082 _axxxx
_bxxxx
100 1 _aKafka, Franz,
_d1883-1924
_931399
245 1 0 _aCarta al padre / :
_bFranz Kafka ; traducción José Martín Cristancho M.
260 _aBogotá, :
_bPanamericana,
_c2005.
300 _a92 p. ;
_c21 cm.
500 _aIncluye notas al pie de las páginas
700 1 _aCristancho M., José Martín,
_etr.
_960063
999 _c34115
_d34115